00000000nam 2200000zi 4500
0019.884901
003CaOODSP
00520241202141026
006m     o  d f      
007cr cn|||||||||
008200220s2020    onc     o    f000 0 spa d
020 |a9780660341903
040 |aCaOODSP|bfre|erda|cCaOODSP
043 |an-cn---
0861 |aCi4-204/2020Sp-PDF
0861 |aCi4-204/2020Spa-PDF
24500|aQué es el permiso de trabajo abierto para trabajadores vulnerables?
250 |a[Édition espagnol].
264 1|a[Ottawa] : |bImmigration, réfugiés et citoyenneté Canada = Immigration, Refugees and Citizenship Canada, |c[2020]
300 |a1 ressource en ligne (1 page)
336 |atexte|btxt|2rdacontent/fre
337 |ainformatique|bc|2rdamedia/fre
338 |aressource en ligne|bcr|2rdacarrier/fre
500 |aPublié aussi en français sous le titre : Qu'est-ce que le permis de travail ouvert pour les travailleurs vulnérables?.
500 |a« IRCC-2917-05-2020. »
546 |aTexte en espagnol.
650 6|aTravailleurs étrangers|xViolence envers|xPolitique gouvernementale|zCanada.
650 6|aTravailleurs étrangers|xTravail|xPolitique gouvernementale|zCanada.
7101 |aCanada. |bImmigration, réfugiés et citoyenneté Canada, |eorganisme de publication.
77508|tQu'est-ce que le permis de travail ouvert pour les travailleurs vulnérables?|w(CaOODSP)9.884852
791 |tQué es el permiso de trabajo abierto para trabajadores vulnerables?|eeng|w(CaOODSP)9.884853
794 |t¿Qué es un permiso de trabajo abierto para trabajadores vulnerables?|w(CaOODSP)9.934748
85640|qPDF|s679 Ko|uhttps://publications.gc.ca/collections/collection_2021/ircc/Ci4-204-2020-spa.pdf